Top 52 Städtenamen als Vornamen - Statistiken

Allgemein
  • Dieses Quiz wurde 63 mal gespielt
  • Das Durchschnittsergebnis liegt bei 14 aus 52
Antwortstatistiken
📍 Vorname % Korrekt
P.r.s ♂️♀️ Paris
65%
D..v.r ♂️ Denver
60%
Ad.l.i.e ♀️ Adelaide
56%
L..d.n ♂️♀️ London
55%
M.l.n ♂️ Milan
51%
R.o ♂️ Rio
51%
P.o.n.x ♂️ Phoenix
49%
S.n D.e.o ♂️ San Diego
47%
B.o.x ♂️ Bronx
45%
J..s.y ♂️♀️ Jersey
45%
S..n.y ♂️ Sydney
45%
Os.o ♂️ Oslo
44%
D.l..s ♂️ Dallas
42%
H.g.n ♂️ Hagen
42%
B.o..l.n ♂️ Brooklyn
40%
Ac..m ♂️ Achim
38%
F.a.z.s.o ♂️ Franzisko
38%
S.v.n..h ♀️ Savannah
38%
Je.a ♀️ Jena
31%
B..t.n ♂️ Boston
29%
H.u.t.n ♂️ Houston
29%
Ro.e ♂️ Rome
29%
A.h..y ♀️ Ashley
27%
O.l.n.o ♂️ Orlando
27%
M.n..a ♀️ Manila
25%
C.a.l.t.e ♀️ Charlotte
22%
L..c..n ♂️ Lincoln
22%
V.e..a ♀️ Vienna
22%
H.l.e ♀️ Halle
20%
C..c..o ♂️ Chicago
18%
M.y.n ♀️ Mayen
18%
M.l..o ♂️ Milano
18%
M..p..s ♂️ Memphis
16%
Ch.m ♂️ Cham
15%
C.e.s.a ♀️ Chelsea
15%
La.a ♀️ Lara
15%
M.l.e ♂️♀️ Melle
15%
V.n..e ♀️ Venice
15%
F..r.n.e ♂️♀️ Florence
13%
G.n..a ♀️ Geneva
13%
B.i.t.l ♂️ Bristol
11%
H.i.e ♀️ Heide
11%
K.m.n ♂️♀️ Kamen
11%
A..t.n ♂️ Austin
9%
Re.o ♂️ Remo
9%
S..n.a ♀️ Sienna
9%
C..d.n ♂️ Camden
7%
M.l.a ♂️♀️ Malta
7%
N.i.a ♀️ Naila
5%
V..t.n ♂️ Velten
2%
W..s..n ♂️ Winston
2%
B.r.a ♂️ Borna
0%
Keine übereinstimmenden Quizze gefunden
Verteilung der Resultate
Anzahl Personen mit jedem Resultat
Perzentil nach korrekt beantworteten Fragen
Ihre Resultats-Entwicklung
Sie haben dieses Quiz noch nicht gespielt